00640cam a22002177a 4500001000500000005001700005020001800022040002300040050001500063082001000078100001800088245007000106260004700176300004700223490002400270505000800294520004800302521002000350521002200370650003000392337920250829143358.0 a9781612360171 aDLCcDLCdDLCbeng00aM1997.K666 a782.41 aKoontz, Robin10aOld McDoggle had a zoo /cwritten and illustrated by Robin Koontz aVero Beach : bRourke Publishing ,cc2012. a24 pages : bcolor illustrations ; c21cm.0 aLittle birdie books aJ  aThis Fluent Reader Retells A Classic Story. a460 bLexile  aJ bRaz-Plus  azoo animals vNon-fiction